<?xml version="1.0" encoding="UTF-8"?>
<marc:record xmlns:marc="http://www.loc.gov/MARC21/slim">
   <marc:leader>00000nam a2200000 a 4500</marc:leader>
   <marc:datafield ind1="1" ind2=" " tag="100">
      <marc:subfield code="a">Bundesamt für Bevölkerungsschutz unfd Katastrophenhilfe</marc:subfield>
      <marc:subfield code="4">aut</marc:subfield>
      <marc:subfield code="e">Verfasser/-in</marc:subfield>
   </marc:datafield>
   <marc:datafield ind1=" " ind2=" " tag="653">
      <marc:subfield code="a">Gas</marc:subfield>
   </marc:datafield>
   <marc:datafield ind1=" " ind2=" " tag="653">
      <marc:subfield code="a">Küche</marc:subfield>
   </marc:datafield>
   <marc:datafield ind1=" " ind2=" " tag="653">
      <marc:subfield code="a">Notfall</marc:subfield>
   </marc:datafield>
   <marc:datafield ind1=" " ind2=" " tag="653">
      <marc:subfield code="a">Camping</marc:subfield>
   </marc:datafield>
   <marc:datafield ind1=" " ind2=" " tag="653">
      <marc:subfield code="a">Strom</marc:subfield>
   </marc:datafield>
   <marc:datafield ind1="0" ind2="0" tag="245">
      <marc:subfield code="a">Kochen ohne Strom</marc:subfield>
   </marc:datafield>
   <marc:datafield ind1="0" ind2="0" tag="245">
      <marc:subfield code="b">das Notfallkochbuch - Die 50 besten rezepte für Alltag, Camping und Notfall</marc:subfield>
   </marc:datafield>
   <marc:datafield ind1="0" ind2="0" tag="245">
      <marc:subfield code="c">Bundesamt für Bevölkerungsschutz unfd Katastrophenhilfe [Hg.]</marc:subfield>
   </marc:datafield>
   <marc:datafield ind1=" " ind2="1" tag="264">
      <marc:subfield code="a">München</marc:subfield>
      <marc:subfield code="b">Bassermann</marc:subfield>
      <marc:subfield code="c">2022</marc:subfield>
   </marc:datafield>
   <marc:datafield ind1=" " ind2=" " tag="250">
      <marc:subfield code="a">5. Aufl.</marc:subfield>
   </marc:datafield>
   <marc:datafield ind1="1" ind2=" " tag="520">
      <marc:subfield code="a">Was tun, wenn nach einer Katastrophe der Strom zum Kochen ausfällt, frische Lebensmittel nicht verfügbar, aufgebraucht oder verdorben sind? Katastrophenhelfer*innen wissen: Vorbereitung ist die beste Vorsorge! Deshalb haben das Bundesamt für Bevölkerungsschutz und Katastrophenhilfe sowie wichtige Hilfsorganisationen einen großen Rezeptwettbewerb gestartet. Das Ziel war, kreative und krisentaugliche Gerichte zu sammeln: Die Zubereitung soll auch im Fall eines länger andauernden Stromausfalls möglich sein, wenn zugleich die Wasserversorgung ausfällt und frische Lebensmittel nicht mehr verfügbar sind. Aus über 500 eingereichten Vorschlägen wurden die besten 50 Rezepte ausgewählt und in diesem Buch zusammen mit vielen wichtigen Tipps und Infos von Expert*innen für die Bürger*innen aufbereitet. Ein Buch, das in keinem Haushalt fehlen sollte!</marc:subfield>
   </marc:datafield>
   <marc:datafield ind1=" " ind2=" " tag="020">
      <marc:subfield code="a">9783809445159</marc:subfield>
      <marc:subfield code="9">9783809445159</marc:subfield>
   </marc:datafield>
   <marc:datafield ind1=" " ind2=" " tag="020">
      <marc:subfield code="a">3809445150</marc:subfield>
      <marc:subfield code="9">3809445150</marc:subfield>
   </marc:datafield>
   <marc:datafield ind1=" " ind2=" " tag="300">
      <marc:subfield code="a">152 S. ; mit zahl. Fotos</marc:subfield>
   </marc:datafield>
</marc:record>
